Umm Ratībah, (Record no. 49176)

MARC details
000 -LEADER
fixed length control field 00602cam a22002051 4500
001 - CONTROL NUMBER
control field ne 66001830
003 - CONTROL NUMBER IDENTIFIER
control field DLC
005 - DATE AND TIME OF LATEST TRANSACTION
control field 20260227111826.0
008 - FIXED-LENGTH DATA ELEMENTS--GENERAL INFORMATION
fixed length control field 900712s1965 ua a 000 0 arar
010 ## - LIBRARY OF CONGRESS CONTROL NUMBER
LC control number ne 66001830
025 ## - OVERSEAS ACQUISITION NUMBER
Overseas acquisition number PL480:UAR-7677
035 ## - SYSTEM CONTROL NUMBER
System control number (OCoLC)21994894
040 ## - CATALOGING SOURCE
Original cataloging agency DLC
Transcribing agency WaU
Modifying agency DLC
042 ## - AUTHENTICATION CODE
Authentication code premarc
050 00 - LIBRARY OF CONGRESS CALL NUMBER
Classification number PJ7862.I35
Item number U4
100 1# - MAIN ENTRY--PERSONAL NAME
Personal name Sibāʻī, Yūsuf.
245 10 - TITLE STATEMENT
Title Umm Ratībah,
Remainder of title fukāhīyah..masraḥīyah..fī thalāthat fuṣūl
Statement of responsibility, etc. [taʼlīf] Yūsuf al-Sibāʻī.
260 ## - PUBLICATION, DISTRIBUTION, ETC.
Place of publication, distribution, etc. Miṣr,
Name of publisher, distributor, etc. Muʼassasat al-Khānjī
Date of publication, distribution, etc. [1965]
300 ## - PHYSICAL DESCRIPTION
Extent 208 p.
Other physical details illus.
Dimensions 20 cm.

No items available.

Powered by Koha